| 000 | 00000nam##2200000za#4500 |
| 001 | 9.699393 |
| 003 | CaOODSP |
| 005 | 20210625000347 |
| 007 | cr ||||||||||| |
| 008 | 150407|1971||||xxc|||||o f|0| 0 eng|d |
| 040 | |aCaOODSP|beng |
| 043 | |an-cn--- |
| 086 | 1 |aA43-1431/1971E-PDF |
| 110 | 1 |aCanada.|bAgriculture Canada.|bResearch Branch. |
| 245 | 10|aHybrid seedling rootstocks for apples / |h[electronic resource]|c[by] Lloyd P.S. Spangelo. |
| 260 | |aOttawa - Ontario : |bAgriculture Canada. |c1971. |
| 300 | |a8p.|btable |
| 500 | |aHistorical publication digitized by Agriculture and Agri-Food Canada. |
| 590 | |a14-11-Supp|b2014-05-21 |
| 690 | 07|aApples|2gcpds |
| 690 | 07|aFruit crops|2gcpds |
| 775 | 08|tPorte-greffes hybrides pour les pommiers / |w(CaOODSP)9.643382 |
| 856 | 40|ahttp://publications.gc.ca|qPDF|s304 KB|uhttps://publications.gc.ca/collections/collection_2014/aac-aafc/agrhist/A43-1431-1971-eng.pdf |
| 986 | |a1431 |